Normal view MARC view
  • Walker, G. C.,

Entry Personal Name

Number of records used in: 1

001 - CONTROL NUMBER

  • control field: 1328

003 - CONTROL NUMBER IDENTIFIER

  • control field: NUST

005 - DATE AND TIME OF LATEST TRANSACTION

  • control field: 20170523130210.0

008 - FIXED-LENGTH DATA ELEMENTS

  • fixed length control field: 170523|| aca||aabn | a|a d

040 ## - CATALOGING SOURCE

  • Original cataloging agency: NUST
  • Transcribing agency: NUST

100 ## - HEADING--PERSONAL NAME

  • Personal name: Walker, G. C.,
  • Dates associated with a name: 1854-1925.

670 ## - SOURCE DATA FOUND

  • Source citation: Work cat.: (NUST)0: Walker, G. C., 1854-1925., Gazetteer of the Lahore District, 1893-94 /, 2006.
© 2023 Central Library, National University of Sciences and Technology. All Rights Reserved.